000 01278nam0a22003011 4500
001 v19\rc\1785437
005 20260406160105.0
035 _a(NLR Aleph) 004892218
090 _a5283496
_c5283496
100 _a20061204d1904 |||y0rusy50 ca
101 0 _arus
102 _aRU
105 _ay z |||||
200 1 _aПротив пьянства и других худых привычек: курения и нюхания табаку, пения непотребных песен публично, с гармониками, гудками и балалайками...
_eНаставление св. отца нашего Тихона Задонского
_f[А. Н--ский]
205 _a3-е изд.
210 _aМосква
_cЕ.И. Коновалова
_d1904
215 _a64 с.
300 _aАвт. указан в конце текста
700 0 _7ca
_8rus
_aТихон Задонский
_cСоколов, Тимофей Савельевич
_cепископ
_f1724-1783
_9118044
_3RU\NLR\AUTH\778127
790 1 _aН--ский
_bА.
_f1724-1783
801 0 _aRU
_bNLR
_gpsbo
801 0 _aRU
_bRuMoRGB
_2psbo
801 1 _aRU
_bProSoft-M
_2rusmarc
852 _aNLR
_j34.83.5.555
899 _aRuMoRGB
_jV 306/655
942 _cBOOK
980 _aNB